3D graphics : tips, tricks & techniques / (Record no. 62167)

000 -LEADER
fixed length control field 01009cam a2200277 a 4500
001 - CONTROL NUMBER
control field 4951259
003 - CONTROL NUMBER IDENTIFIER
control field NUST-PNEC
005 - DATE AND TIME OF LATEST TRANSACTION
control field 20170116180740.0
008 - FIXED-LENGTH DATA ELEMENTS--GENERAL INFORMATION
fixed length control field 960422s1996 maua 001 0 eng
010 ## - LIBRARY OF CONGRESS CONTROL NUMBER
LC control number 96140262
020 ## - INTERNATIONAL STANDARD BOOK NUMBER
International Standard Book Number 012394970X
040 ## - CATALOGING SOURCE
Transcribing agency PNEC
050 00 - LIBRARY OF CONGRESS CALL NUMBER
Classification number T385
Item number .K347 1996
082 ## - DEWEY DECIMAL CLASSIFICATION NUMBER
Classification number 006.6 KAL
100 1# - MAIN ENTRY--PERSONAL NAME
Personal name Kalwick, David J.
245 10 - TITLE STATEMENT
Title 3D graphics : tips, tricks & techniques /
Statement of responsibility, etc. David J. Kalwick.
260 ## - PUBLICATION, DISTRIBUTION, ETC.
Place of publication, distribution, etc. Boston :
Name of publisher, distributor, etc. AP Professional,
Date of publication, distribution, etc. c1996.
300 ## - PHYSICAL DESCRIPTION
Extent xiv, 478 p. :
Other physical details ill. ;
Dimensions 24 cm.
500 ## - GENERAL NOTE
General note Includes index.
650 #0 - SUBJECT ADDED ENTRY--TOPICAL TERM
Topical term or geographic name entry element Computer graphics.
General subdivision MIS, Computer
856 ## - ELECTRONIC LOCATION AND ACCESS
Uniform Resource Identifier <a href="http://www.amazon.com/3D-Graphics-Tips-Tricks-Techniques/dp/012394970X/ref=sr_1_1?s=books&ie=UTF8&qid=1418512637&sr=1-1&keywords=012394970X">http://www.amazon.com/3D-Graphics-Tips-Tricks-Techniques/dp/012394970X/ref=sr_1_1?s=books&ie=UTF8&qid=1418512637&sr=1-1&keywords=012394970X</a>
906 ## - LOCAL DATA ELEMENT F, LDF (RLIN)
a 7
b cbc
c orignew
d 2
e ncip
f 19
g y-gencatlg
942 ## - ADDED ENTRY ELEMENTS (KOHA)
Source of classification or shelving scheme
Koha item type Book
Holdings
Withdrawn status Lost status Source of classification or shelving scheme Damaged status Not for loan Permanent Location Current Location Shelving location Date acquired Source of acquisition Cost, normal purchase price Total Checkouts Full call number Barcode Date last seen Cost, replacement price Price effective from Koha item type
          Pakistan Navy Engineering College (PNEC) Pakistan Navy Engineering College (PNEC)   01/04/1999 Library / Reference Grant 2166.00   006.6 KAL PNECLIB-020644 12/14/2014 2166.00 01/04/1999 Book
          Pakistan Navy Engineering College (PNEC) Pakistan Navy Engineering College (PNEC)           006.6 KAL PNECLIB-019834 09/29/2015     Book
© 2023 Central Library, National University of Sciences and Technology. All Rights Reserved.